| 000 | 00397nam a2200157Ia 4500 | ||
|---|---|---|---|
| 008 | 230917s9999||||xx |||||||||||||| ||und|| | ||
| 040 |
_e72893 _aMAIN |
||
| 041 | _aEnglish | ||
| 082 | _a658.3 C266A | ||
| 100 | _aCascio, Wayne F | ||
| 245 | 0 | _aApplied Psychology in personnel management | |
| 250 | _a3rd ed. | ||
| 260 |
_aNew Jersey _bPrentice-Hall _c1987 |
||
| 300 | _axv, 510 p. | ||
| 942 | _cBK | ||
| 999 |
_c58438 _d58438 |
||